Normal view
MARC view
- Seider, Warren D , Seader, J.D , Lewin, Daniel R
Entry Personal Name
001 - CONTROL NUMBER
- control field: 63692
003 - CONTROL NUMBER IDENTIFIER
- control field: NUST
005 - DATE AND TIME OF LATEST TRANSACTION
- control field: 20210628203147.0
008 - FIXED-LENGTH DATA ELEMENTS
- fixed length control field: 210628|| aca||aabn | a|a d
040 ## - CATALOGING SOURCE
- Original cataloging agency: NUST
- Transcribing agency: NUST
100 ## - HEADING--PERSONAL NAME
- Personal name: Seider, Warren D , Seader, J.D , Lewin, Daniel R
670 ## - SOURCE DATA FOUND
- Source citation: Work cat.: (NUST): Seider, Warren D , Seader, J.D , Lewin, Daniel R, Product and process design principles , synthesis, analysis and evaluation, 2004
